000 00982cab a2200337 4500
001 ABS67321
008 040108n2003 000 0 eng u
035 _a(Sirsi) u124769
245 _aFocus 2 update: North east
260 _c2003
490 _aEstates Gazette
_v(0349) 6 December 2003, 71-81(9)
590 _aABS
650 _aNORTHEAST ENGLAND
650 _aNEWCASTLE
650 _aMIDDLESBROUGH
650 _aGATESHEAD
650 _aDURHAM
650 _aDARLINGTON
650 _aSUNDERLAND
650 _aDEVELOPMENT AGENCIES
650 _aPRIVATE SECTOR RENEWAL
650 _aPROPERTY-COMMERCIAL PROPERTY-OFFICE PROPERTY-OFFICE PROPERTY MARKET
650 _aPROPERTY-COMMERCIAL PROPERTY-RETAIL PROPERTY-RETAIL PROPERTY MARKET
650 _aINDUSTRIAL MARKET
650 _aAVAILABILITY
650 _aRENTS
650 _aCONSTRUCTION SECTOR
650 _aAGENCY
690 _aPROPERTY-COMMERCIAL PROPERTY-COMMERCIAL PROPERTY MARKET
942 _n0
999 _c74052
_d74052